Регионална библиотека "Любен Каравелов" - Русе

ПО стъпките на възрожденците (Запис номер 342320)

MARC детайли
000 -Лидер
Контролно поле с фиксирана дължина 01126nam a2200265 c 4500
003 - Код на организацията, давaща контролен номер
Контролно поле BLK
005 - Дата и час на последна редакция
Контролно поле 20200422160920.0
008 - Елементи от данни с фиксирана дължина
fixed length control field 180911b bul|||||r ||||||| ||bul||
010 ## - Наследен системен номер
LC control number 001959
040 ## - Източник на каталожния запис
Идентификатор на билиотеката - собственик на записа BLK
041 ## - Код за език
Код за езика на текст/звукозапис или на отделно заглавие Български
Код за езика КДБФ Български
080 ## - УДК
УДК - код + определител 949.72
100 1# - Редна дума - Автор
Авторска отговорност първи автор
R(LIN) 397292
245 10 - Сведения за заглавието
Заглавие ПО стъпките на възрожденците
246 ## - Различни форми на заглавието
Подзаглавни данни ПО стъпките на възрожденците
260 ## - Област на издателските данни
Място на издаване, разпространение и проч. Скопие
Име на издателя, разпространителя и проч. Бълг. дело
Година на издаване 1942
Печатница Бълг. дело
300 ## - Физическа характеристика
Страници 263 с
Илюстрации и др. с ил.
Размери/Мащаб 21 см
380 ## - Жанр
Жанр История
490 ## - СЕРИИ (Колекции)
Име на серия Областна училищна инспекция
490 ## - СЕРИИ (Колекции)
Име на серия Частна колекция - Академик Михаил Арнаудов
Бележки за серията Дарение - Основен фонд
500 ## - Общи забележки
Забележка Автограф с текст: На г. проф. М. Арнаудов, Министър на нар. просвещение в знак на високо уважение, Обл. учил. инспектор (подпис), 12 юний 1944 г., Скопие
655 ## - Ключова дума – жанр/разновидност
Данни за жанр/разновидност или ключова дума за фокус българска история
852 ## - Местоположение
Форматна сигнатура МА 643
Фондова буква Фонд "Михаил Арнаудов"
999 ## - СИСТЕМНИ КОНТРОЛНИ НОМЕРА
Koha biblionumber 342320
Koha biblioitemnumber 342320
942 ## - АРТИКУЛИ
Вид на библиотечния материал Книги
Скрит в OPAC Не
Периодичен библиозапис Да
944 ## - СЪЗДАВАНЕ И РЕДАКЦИЯ на ЗАПИСА
Създаване/Редакция Създаване
Дата на регистрацията/редакция 1995
Служител, извършил регистрацията/редакцията ValK
999 ## - СИСТЕМНИ КОНТРОЛНИ НОМЕРА
Koha biblioitemnumber 342320
999 ## - СИСТЕМНИ КОНТРОЛНИ НОМЕРА
Koha biblioitemnumber 342320
Наличности
Код за отписване Код за изгубен артикул Източник на класификационната схема Код за повреда Коз за рестрикции Код за отдаване Артикулен № Име на библиотеката - собственик Име на библиотеката, в която се намира в момента Статус (Текущо местоположение) Местоположение - отдел Цена в лева Номерация (Хронология) Инвентарен номер Систематично азбучна сигнатура Баркод Номер на екземпляра Цена в евро Служебен тип на артикула
  Не е изгубен Universal Decimal Classification Не е повреден само за читалня Специални фондове ( старопечатни, редки и ценни, фонд М. Арнаудов) 742381 Регионална библиотека "Любен Каравелов" Русе Регионална библиотека "Любен Каравелов" Русе Фонд "Михаил Арнаудов" Фонд "Михаил Арнаудов" 16.00 Автограф: Обл. учил. инспектор 587840 МА 643 120000587840 1 8.18 Книги
Vip Innovations Ltd, Rousse, Bulgaria 2025